Automotive engines (Record no. 12154)

000 -LEADER
fixed length control field 00538nam a2200193 4500
001 - CONTROL NUMBER
control field 12154
003 - CONTROL NUMBER IDENTIFIER
control field BD-DhUET
008 - FIXED-LENGTH DATA ELEMENTS--GENERAL INFORMATION
fixed length control field 710511s1971 nyuah 001 0 eng
040 ## - CATALOGING SOURCE
Original cataloging agency DLC
Transcribing agency DLC
Modifying agency BD-DhUET
082 00 - DEWEY DECIMAL CLASSIFICATION NUMBER
Classification number 629.25
Item number CRO/1971
100 ## - MAIN ENTRY--PERSONAL NAME
Personal name Crouse, William H.
245 10 - TITLE STATEMENT
Title Automotive engines
Remainder of title construction, operation, and maintenance
250 ## - EDITION STATEMENT
Edition statement 4th ed.
260 ## - PUBLICATION, DISTRIBUTION, ETC. (IMPRINT)
Place of publication, distribution, etc. New York
Name of publisher, distributor, etc. McGraw-Hill
Date of publication, distribution, etc. 1971
300 ## - PHYSICAL DESCRIPTION
Extent 495 p.
Other physical details illus.
Dimensions 26 cm.
490 0# - SERIES STATEMENT
Series statement McGraw-Hill automotive technology series
650 #0 - SUBJECT ADDED ENTRY--TOPICAL TERM
Topical term or geographic name as entry element Automobiles
942 ## - ADDED ENTRY ELEMENTS (KOHA)
Koha item type General Book
Holdings
Damaged status Withdrawn status Koha normalized classification for sorting Location (home branch) Date acquired Koha date last seen Source of classification or shelving scheme Lost status Not for loan Piece designation (barcode) Shelving location Sublocation or collection (holding branch) Price effective from Koha full call number Copy number Koha item type
  629_250000000000000_CRO_1971Central Library, BUET2015-02-242015-02-24   31220Circulation sectionCentral Library, BUET2015-02-24629.25/CRO/19711General Book
  629_250000000000000_CRO_1971Central Library, BUET2015-02-262015-02-26   34748Circulation sectionCentral Library, BUET2015-02-26629.25/CRO/19712General Book
  629_250000000000000_CRO_1971Central Library, BUET2015-05-112015-05-11   31223Circulation sectionCentral Library, BUET2015-05-11629.25/CRO/19713General Book
  629_250000000000000_CRO_1971Central Library, BUET2015-05-112015-05-11   31218Circulation sectionCentral Library, BUET2015-05-11629.25/CRO/19714General Book
  629_250000000000000_CRO_1971Central Library, BUET2015-06-202015-06-20   26344Reading sectionCentral Library, BUET2015-06-20629.25/CRO/19715Reading Item
  629_250000000000000_CRO_1971Central Library, BUET2015-06-302015-06-30   31221Reading sectionCentral Library, BUET2015-06-30629.25/CRO/19716Reading Item